<?xml version="1.0" encoding="UTF-8"?>
<resp>
  <nextPage>https://data.bn.org.pl/api/networks/bibs.marcxml?marc=001+b0000005619572&amp;sinceId=5619573</nextPage>
  <collection>
    <record xmlns='http://www.loc.gov/MARC21/slim'><leader>03560nam a2200793 i 4500</leader><controlfield tag='001'>b0000005619572</controlfield><controlfield tag='005'>20260123072131.7</controlfield><controlfield tag='008'>170626s2016    pl acho      |000 0 pol  </controlfield><controlfield tag='009'>9910346315405606</controlfield><datafield ind1=' ' ind2=' ' tag='015'><subfield code='a'>UWD 2021/31433</subfield></datafield><datafield ind1=' ' ind2=' ' tag='020'><subfield code='a'>9788394534509</subfield><subfield code='q'>(oprawa miękka)</subfield></datafield><datafield ind1=' ' ind2=' ' tag='035'><subfield code='a'>991011370479705066</subfield></datafield><datafield ind1=' ' ind2=' ' tag='035'><subfield code='a'>(PL)b0000005619572</subfield></datafield><datafield ind1=' ' ind2=' ' tag='035'><subfield code='a'>(PL-WaBN)b56195722-48omnis_nlop</subfield></datafield><datafield ind1=' ' ind2=' ' tag='035'><subfield code='a'>b56195722</subfield></datafield><datafield ind1=' ' ind2=' ' tag='035'><subfield code='a'>(OCoLC)1036457006</subfield></datafield><datafield ind1=' ' ind2=' ' tag='035'><subfield code='a'>xx004283569</subfield></datafield><datafield ind1=' ' ind2=' ' tag='040'><subfield code='a'>WA N</subfield><subfield code='c'>WA N</subfield><subfield code='d'>WA N</subfield></datafield><datafield ind1=' ' ind2=' ' tag='046'><subfield code='k'>2016</subfield></datafield><datafield ind1=' ' ind2=' ' tag='080'><subfield code='8'>1.1\x</subfield><subfield code='a'>656.835</subfield></datafield><datafield ind1=' ' ind2=' ' tag='080'><subfield code='8'>1.2\x</subfield><subfield code='a'>(083.824)</subfield></datafield><datafield ind1=' ' ind2=' ' tag='084'><subfield code='a'>22</subfield></datafield><datafield ind1='0' ind2='0' tag='245'><subfield code='a'>Krajowa Wystawa Filatelistyczna Dolny Śląsk - Oława - Wrocław Europejska Stolica Kultury 2016 :</subfield><subfield code='b'>Europejska Stolica Kultury Wrocław 2016, Rok Sienkiewicza w Polsce, 70-lecie powstania pierwszej szkoły zawodowej w Oławie, 70-lecie Powiatowej i Miejskiej Biblioteki Publicznej w Oławie, 70-lecie Szkoły Podstawowej Nr 2 w Oławie : Ośrodek Kultury w Oławie, 26-29 października 2016 r. : katalog /</subfield><subfield code='c'>redakcja Zdzisław Sacha.</subfield></datafield><datafield ind1='1' ind2='4' tag='246'><subfield code='a'>Oława :</subfield><subfield code='b'>dobry kierunek : katalog Krajowej Wystawy Filatelistycznej Dolny Śląsk - Oława - Wrocław Europejska Stolica Kultury 2016 : Oława, 26-29 października 2016 r.</subfield></datafield><datafield ind1=' ' ind2=' ' tag='260'><subfield code='a'>Oława :</subfield><subfield code='b'>Urząd Miejski w Oławie,</subfield><subfield code='c'>[2016].</subfield></datafield><datafield ind1=' ' ind2=' ' tag='300'><subfield code='a'>28 stron :</subfield><subfield code='b'>ilustracje, faksymilia, fotografie, portrety ;</subfield><subfield code='c'>21 cm.</subfield></datafield><datafield ind1=' ' ind2=' ' tag='336'><subfield code='a'>Tekst</subfield><subfield code='b'>txt</subfield><subfield code='2'>rdacontent</subfield></datafield><datafield ind1=' ' ind2=' ' tag='337'><subfield code='a'>Bez urządzenia pośredniczącego</subfield><subfield code='b'>n</subfield><subfield code='2'>rdamedia</subfield></datafield><datafield ind1=' ' ind2=' ' tag='338'><subfield code='a'>Wolumin</subfield><subfield code='b'>nc</subfield><subfield code='2'>rdacarrier</subfield></datafield><datafield ind1=' ' ind2=' ' tag='380'><subfield code='a'>Książki</subfield></datafield><datafield ind1=' ' ind2=' ' tag='380'><subfield code='a'>Publikacje promocyjne</subfield></datafield><datafield ind1='1' ind2=' ' tag='388'><subfield code='a'>2001-</subfield></datafield><datafield ind1=' ' ind2=' ' tag='500'><subfield code='a'>Tytuł okładkowy: Oława : dobry kierunek : katalog Krajowej Wystawy Filatelistycznej Dolny Śląsk - Oława - Wrocław Europejska Stolica Kultury 2016 : Oława, 26-29 października 2016 r. Rok wydania na podstawie treści książki. Na okładce: WRO 2016 ESK.</subfield></datafield><datafield ind1='2' ind2='7' tag='610'><subfield code='a'>Ośrodek Kultury (Oława)</subfield><subfield code='2'>DBN</subfield></datafield><datafield ind1='2' ind2='7' tag='611'><subfield code='a'>Krajowa Wystawa Filatelistyczna &quot;Dolny Śląsk - Oława - Wrocław Europejska Stolica Kultury 2016&quot;</subfield><subfield code='c'>(Oława)</subfield><subfield code='2'>DBN</subfield></datafield><datafield ind1=' ' ind2='7' tag='648'><subfield code='a'>2001-</subfield><subfield code='2'>DBN</subfield></datafield><datafield ind1=' ' ind2='7' tag='650'><subfield code='a'>Wystawy filatelistyczne</subfield><subfield code='2'>DBN</subfield></datafield><datafield ind1=' ' ind2='7' tag='651'><subfield code='a'>Oława (woj. dolnośląskie)</subfield><subfield code='2'>DBN</subfield></datafield><datafield ind1=' ' ind2='7' tag='655'><subfield code='a'>Broszura</subfield><subfield code='2'>DBN</subfield></datafield><datafield ind1=' ' ind2='7' tag='655'><subfield code='a'>Katalog wystawy</subfield><subfield code='2'>DBN</subfield></datafield><datafield ind1=' ' ind2=' ' tag='658'><subfield code='a'>Hobby i czas wolny</subfield></datafield><datafield ind1='1' ind2=' ' tag='700'><subfield code='a'>Sacha, Zdzisław</subfield><subfield code='e'>Redakcja</subfield></datafield><datafield ind1='2' ind2=' ' tag='710'><subfield code='a'>Urząd Miejski (Oława)</subfield><subfield code='e'>Wydawca.</subfield><subfield code='4'>pbl</subfield></datafield><datafield ind1='0' ind2=' ' tag='730'><subfield code='a'>Katalog wystawy (Ośrodek Kultury ; Oława ; 2016)</subfield></datafield><datafield ind1=' ' ind2=' ' tag='852'><subfield code='b'>48OMNIS_UMKWT</subfield><subfield code='8'>991010771439706926</subfield></datafield><datafield ind1=' ' ind2=' ' tag='852'><subfield code='8'>22544455370005066</subfield><subfield code='j'>1</subfield><subfield code='h'>3.170.767 A</subfield><subfield code='b'>BN_PL</subfield><subfield code='p'>30001025939642</subfield><subfield code='c'>bk1</subfield></datafield><datafield ind1=' ' ind2=' ' tag='852'><subfield code='8'>22834844470008207</subfield><subfield code='j'>1</subfield><subfield code='h'>Szt. DŻS 2016/XIX/07</subfield><subfield code='b'>BPW_K</subfield><subfield code='p'>620293-10</subfield><subfield code='c'>SZTK</subfield></datafield><datafield ind1=' ' ind2=' ' tag='852'><subfield code='b'>48OMNIS_NETWORK</subfield><subfield code='8'>9910346315405606</subfield></datafield><datafield ind1=' ' ind2=' ' tag='852'><subfield code='b'>48OMNIS_BPW</subfield><subfield code='8'>991053644800708207</subfield></datafield><datafield ind1=' ' ind2=' ' tag='852'><subfield code='8'>22309554440006926</subfield><subfield code='j'>1</subfield><subfield code='h'>MG_bg</subfield><subfield code='b'>TORU</subfield><subfield code='p'>300050510267</subfield><subfield code='c'>MG_bg</subfield></datafield><datafield ind1=' ' ind2=' ' tag='852'><subfield code='b'>48OMNIS_NLOP</subfield><subfield code='8'>991011370479705066</subfield></datafield><datafield ind1=' ' ind2=' ' tag='852'><subfield code='8'>22648343710005066</subfield><subfield code='j'>1</subfield><subfield code='h'>3.580.861</subfield><subfield code='b'>BN_PL</subfield><subfield code='p'>30001025387214</subfield><subfield code='c'>bk8</subfield></datafield><datafield ind1=' ' ind2=' ' tag='920'><subfield code='a'>978-83-945345-0-9 (oprawa miękka)</subfield></datafield></record>
  </collection>
</resp>
